Statistics for Map of NCAA DI Men's Lacrosse Programs

Click here to take the quiz!

General Stats

  • This quiz has been taken 87 times
  • The average score is 42 of 76

Answers on the Map

Answers color-coded by a green-red scale on the quiz's map according to % correct below.
 

Answer Stats

ClassesSchool% Correct
zoomable-circleUtah
91%
zoomable-circleMichigan
88%
zoomable-circlePennsylvania
88%
zoomable-circleNorth Carolina
86%
zoomable-circlePenn St
86%
zoomable-circleDuke
84%
zoomable-circleDenver
82%
zoomable-circleNotre Dame
82%
zoomable-circleOhio St
82%
zoomable-circleJacksonville
81%
zoomable-circleMaryland
81%
zoomable-circleVirginia
81%
zoomable-circleAir Force
79%
zoomable-circleUMass
77%
zoomable-circleYale
77%
zoomable-circlePrinceton
75%
zoomable-circleSyracuse
75%
zoomable-circleCornell
72%
zoomable-circleAlbany
70%
zoomable-circleDartmouth
70%
zoomable-circleHarvard
70%
zoomable-circleVermont
68%
zoomable-circleBoston U
67%
zoomable-circleJohns Hopkins
67%
zoomable-circleBrown
65%
zoomable-circleArmy
63%
zoomable-circleMarquette
63%
zoomable-circleNavy
63%
zoomable-circleRutgers
63%
zoomable-circleDetroit Mercy
60%
zoomable-circleGeorgetown
60%
zoomable-circleVillanova
60%
zoomable-circleCleveland St
56%
zoomable-circleProvidence
56%
zoomable-circleUMass Lowell
56%
zoomable-circleDelaware
54%
zoomable-circleLong Island
51%
zoomable-circleLoyola
51%
zoomable-circleRichmond
51%
zoomable-circleTowson
49%
zoomable-circleHigh Point
47%
zoomable-circleLehigh
47%
zoomable-circleMarist
47%
zoomable-circleDrexel
46%
zoomable-circleStony Brook
46%
zoomable-circleSt. John's
44%
zoomable-circleUMBC
44%
zoomable-circleColgate
42%
zoomable-circleHampton
42%
zoomable-circleHoly Cross
42%
zoomable-circleNJIT
42%
zoomable-circleVMI
42%
zoomable-circleBellarmine
40%
zoomable-circleBinghamton
40%
zoomable-circleManhattan
40%
zoomable-circleQuinnipiac
40%
zoomable-circleBryant
39%
zoomable-circleMercer
39%
zoomable-circleHartford
37%
zoomable-circleFairfield
35%
zoomable-circleLafayette
35%
zoomable-circleSacred Heart
35%
zoomable-circleSaint Joseph's
35%
zoomable-circleSt. Bonaventure
35%
zoomable-circleCanisius
33%
zoomable-circleHofstra
33%
zoomable-circleMerrimack
33%
zoomable-circleRobert Morris
33%
zoomable-circleBucknell
32%
zoomable-circleMount St. Mary's
32%
zoomable-circleSiena
32%
zoomable-circleLindenwood
30%
zoomable-circleMonmouth
30%
zoomable-circleWagner
30%
zoomable-circleQueens
28%
zoomable-circleHobart
25%

Score Distribution

Percentile by Number Answered

Percent of People with Each Score

Your Score History

You have not taken this quiz